Word meaning and syntax approaches to the interface

Includes bibliographical references and indexes

Đã lưu trong:
Sonraí Bibleagrafaíochta
Príomhúdar: Wechsler, Stephen
Formáid: Leabhar
Teanga:Undetermined
Foilsithe: New York Oxford University Press 2015
Ábhair:
Rochtain Ar Líne:http://lrc.tdmu.edu.vn/opac/search/detail.asp?aID=2&ID=35748
Clibeanna: Cuir Clib Leis
Gan Chlibeanna, Bí ar an gcéad duine leis an taifead seo a chlibeáil!
Thư viện lưu trữ: Trung tâm Học liệu Trường Đại học Thủ Dầu Một
LEADER 00811nam a2200217Ia 4500
001 TDMU_35748
008 210410s9999 xx 000 0 und d
082 |a 600 
090 |b W201 
100 |a Wechsler, Stephen 
245 0 |a Word meaning and syntax 
245 0 |b approaches to the interface 
245 0 |c Stephen Wechsler 
260 |a New York 
260 |b Oxford University Press 
260 |c 2015 
300 |a xv, 353 p. 
520 |a Includes bibliographical references and indexes 
650 |a Lexicology; Từ vựng học; Semantics; Ngữ nghĩa học; Grammar, Comparative and general  |x Syntax; Ngữ pháp, so sánh  |x Cú pháp học 
856 |u http://lrc.tdmu.edu.vn/opac/search/detail.asp?aID=2&ID=35748 
980 |a Trung tâm Học liệu Trường Đại học Thủ Dầu Một